| 000 | 00360nam a2200157Ia 4500 | ||
|---|---|---|---|
| 008 | 210210b1944 xxu||||| |||| 00| 0 eng d | ||
| 041 | _aeng | ||
| 082 | _a370/64 | ||
| 100 | _aPAYNE (M A) | ||
| 245 | _aOliver untwisted | ||
| 260 |
_aLondon _bEdward Arnold & Co _c1944 |
||
| 650 | _auntwisted | ||
| 650 | _aOliver | ||
| 690 | _aEducation | ||
| 906 | _a005004 | ||
| 999 |
_c128687 _d128687 |
||